Ryan Reynolds Movies by description - Statistics

General Stats
  • This quiz has been taken 82 times
  • The average score is 6 of 12
Answer Stats
Description Answer % Correct
Foul-mouthed, sarcastic mercenary is given the power of accelerated healing Deadpool
93%
Test pilot is given superpowers by an alien Green Lantern
72%
A snail gains the power of super speed and tries to win the Indy 500 Turbo
70%
A family of cavemen journey through an unknown world in search of a new home The Croods
63%
Boss forces employee to marry her to avoid deportation to Canada The Proposal
63%
The early life of future superhero James Logan X-Men Origins: Wolverine
60%
Family man and bachelor switch bodies The Change-Up
33%
Truck driver in Iraq has to escape a coffin Buried
30%
A day in the life at a chain restaurant Waiting...
30%
The misadventures of a confident college slacker Van Wilder
28%
Recently divorced man recounts the story of his previous relationships to his daughter Definitely, Maybe
26%
Vampire hunter battles Dracula Blade: Trinity
16%
No matching quizzes found
Score Distribution
Percent of People with Each Score
Percentile by Number Answered
Your Score History
You have not taken this quiz